000 00846nam a2200241 a 4500
001 000024868
005 20200930023422.0
008 110207s1968 mx r 000 0 spa d
040 _aDO-SdBNP
_bspa
_cBNPHU
041 1 7 _aspa
_heng
_2Código de idiomas MARC
082 _ann*
_bnn*
100 1 _aParadis, Adrian A.
_951038
240 1 0 _aLabor in action.
_lEspañol
245 1 0 _aTrabajo y empresa :
_bhistoria del movimiento obrero en los Estados Unidos /
_cAdrian A. Paradis ; traducción de Catalina Castro.
260 _aMéxico, D. F. :
_bLimusa-Wiley,
_c1968.
300 _a236 p. :
_bil. ;
_c19 cm.
490 1 3 _aEl mundo de hoy.
_v5346
534 _aTítulo de la obra en inglés :
_tLabor in action
500 _aIncluye índice.
700 1 _aCastro, Catalina,
_etr.
_951039
830 0 _aEl mundo de hoy.
_v5346
_949979
049 _aBNGR
999 _c24361
_d24361